Rǧimen jurd̕ico del aroma y de la contaminacin̤ por hedor

Detalles Bibliográficos
Autor principal: Basto Gm̤ez, Elizabeth S.
Formato: eBook
Lenguaje:español
Publicado: Barcelona: J.M. Bosch Editor, 2016
Materias:
Acceso en línea:Acceso restringido

MARC

LEADER 00000nam a22000007a 4500
005 20190411123411.0
007 cr|||| ||||
008 190411s2016 es |||||s|||| 00||0 spa d
020 |a 978-84-945803-0-7 
035 |a 23145 
040 |a vLex 
090 |c 8599  |d 8599 
100 1 |a Basto Gm̤ez, Elizabeth S. 
245 1 0 |a Rǧimen jurd̕ico del aroma y de la contaminacin̤ por hedor  |h [Recurso electrn̤ico] /  |c Elizabeth S. Basto Gm̤ez 
256 |a Servicio en ln̕ea 
260 |a Barcelona:  |b J.M. Bosch Editor,  |c 2016 
300 |a 1 recurso electrn̤ico 
506 1 |a Disponible solo en los productos indicados  |d vLex Global  |d vLex Global (Academic Edition, excluding Law Schools)  |d vLex Global (U.S. Academic Edition, Law Schools)  |d vLex Global (U.S. Academic Edition, excluding Law Schools)  |d vLex Global (Academic Edition, Law Schools) 
650 0 4 |a Medio Ambiente  |z Espaą 
650 0 4 |a Derecho del Medio Ambiente  |z Espaą 
740 0 |a vLex Libros (Servicio en ln̕ea) 
856 4 0 |u http://vlex.com/source/regimen-juridico-aroma-contaminacion-hedor-23145  |z Acceso restringido 
942 |c BOOK 
999 0 |a Environment 
999 0 |a Environmental Law